[Event "18th American Continental"]
[Site "Foz do Iguacu BRA"]
[Date "2025.05.26"]
[Round "6.3"]
[White "Hong, Andrew"]
[Black "Fier, Alexandr"]
[Result "1/2-1/2"]
[WhiteTitle "GM"]
[BlackTitle "GM"]
[WhiteElo "2579"]
[BlackElo "2556"]
[WhiteFideId "2099438"]
[BlackFideId "2107139"]
[EventDate "2025.05.23"]

1. e4 c5 2. Nf3 Nc6 3. Bb5 g6 4. Bxc6 dxc6 5. d3 Bg7 6. h3 Nf6 7. a4 a5 8. Be3
c4 9. O-O O-O 10. Na3 cxd3 11. cxd3 b6 12. Qc2 c5 13. Rfd1 Bb7 14. Nc4 Qc7 15.
Qc1 Ba6 16. Bf4 Qb7 17. b3 Nh5 18. Bh6 Bxa1 19. Bxf8 Rxf8 20. Qxa1 Rd8 21. Qe5
Ng7 22. Ne3 Rxd3 23. Rxd3 Bxd3 24. Nd5 f6 25. Qxe7 Qxe7 26. Nxe7+ Kf8 27. Nd5
Bxe4 28. Nxb6 Bxf3 29. gxf3 Ne6 30. Nc4 Nd4 31. Nxa5 Ke7 32. Kg2 Kd7 33. f4 f5
34. h4 Kc7 35. h5 gxh5 36. Kg3 Ne2+ 37. Kf3 Nc1 38. Kg3 Kb6 39. Nc4+ Kc6 40. Nd2
Nd3 41. Nc4 h4+ 42. Kxh4 Nxf4 43. f3 Ne6 44. Kh5 Nd4 45. Nd2 Kb6 46. Nc4+ Ka6
47. f4 Nxb3 48. Kh6 Nd4 49. Kxh7 Ne6 50. Kg6 Nxf4+ 51. Kxf5 Nd5 52. Ke5 Nc3 53.
Kd6 Nxa4 54. Kc6 Nc3 55. Kxc5 1/2-1/2

[Event "18th American Continental"]
[Site "Foz do Iguacu BRA"]
[Date "2025.05.26"]
[Round "6.4"]
[White "Diamant, Andre"]
[Black "Bachmann, Axel"]
[Result "0-1"]
[WhiteTitle "GM"]
[BlackTitle "GM"]
[WhiteElo "2487"]
[BlackElo "2570"]
[WhiteFideId "2108356"]
[BlackFideId "3700488"]
[EventDate "2025.05.23"]

1. c4 e5 2. Nc3 Bb4 3. Nd5 a5 4. a3 Bc5 5. e3 d6 6. d4 Ba7 7. Nf3 c6 8. Nc3 Nd7
9. Be2 Ngf6 10. O-O O-O 11. b4 Bb8 12. b5 Re8 13. bxc6 bxc6 14. Rb1 e4 15. Nd2
d5 16. Qb3 Nf8 17. cxd5 cxd5 18. f4 exf3 19. Nxf3 Ng6 20. Bd2 h6 21. Bb5 Re6 22.
Bd3 Ba6 23. Na4 Ne4 24. Bxa6 Rexa6 25. Nb6 Nh4 26. Be1 Nxf3+ 27. Rxf3 Bxh2+ 28.
Kxh2 Rb8 29. Qa2 Raxb6 30. Rxb6 Rxb6 31. Bxa5 Qb8+ 32. Rf4 Rb5 0-1

[Event "18th American Continental"]
[Site "Foz do Iguacu BRA"]
[Date "2025.05.26"]
[Round "6.5"]
[White "Martinez Alcantara, Jose Eduardo"]
[Black "Di Berardino, Diego Rafael"]
[Result "1-0"]
[WhiteTitle "GM"]
[BlackTitle "IM"]
[WhiteElo "2611"]
[BlackElo "2448"]
[WhiteFideId "3805662"]
[BlackFideId "2105446"]
[EventDate "2025.05.23"]

1. c4 e6 2. Nf3 d5 3. g3 d4 4. Bg2 Nc6 5. O-O Bc5 6. d3 Nf6 7. Nbd2 O-O 8. Nb3
Be7 9. e3 dxe3 10. Bxe3 Ng4 11. Bc5 Bxc5 12. Nxc5 e5 13. Re1 f6 14. h3 Nh6 15.
d4 exd4 16. Nb3 d3 17. Re3 Bf5 18. Nh4 Ne5 19. g4 Nxc4 20. Nxf5 Nxe3 21. Nxh6+
gxh6 22. fxe3 Qd7 23. Nd4 c5 24. Nf5 Kh8 25. Qb3 d2 26. Rd1 Rad8 27. Qc3 h5 28.
Kf2 b6 29. Bf3 Qc7 30. Rxd2 Rxd2+ 31. Qxd2 hxg4 32. hxg4 Qh2+ 33. Bg2 Qe5 34. b3
Rg8 35. Nh6 Rf8 36. Qd7 Qe8 37. Qd6 Kg7 38. Nf5+ Kh8 39. Bd5 Qd8 40. Qe6 Qc7 41.
Kf3 Qd8 42. a4 a6 43. Nd6 Kg7 44. Bc4 Qa8+ 45. Kf2 Qa7 46. Nf5+ Kh8 47. Qd6 1-0

[Event "18th American Continental"]
[Site "Foz do Iguacu BRA"]
[Date "2025.05.26"]
[Round "6.6"]
[White "Perez Gormaz, Matias"]
[Black "Henriquez Villagra, Cristobal"]
[Result "0-1"]
[WhiteTitle "IM"]
[BlackTitle "GM"]
[WhiteElo "2408"]
[BlackElo "2597"]
[WhiteFideId "3406342"]
[BlackFideId "3409350"]
[EventDate "2025.05.23"]

1. e4 c5 2. Nf3 Nc6 3. Bb5 e6 4. O-O Nge7 5. Re1 Ng6 6. c3 Be7 7. d4 cxd4 8.
cxd4 d5 9. e5 O-O 10. Nc3 Bd7 11. Bd3 Be8 12. Qe2 h6 13. Bd2 f6 14. exf6 Rxf6
15. Qe3 Nf4 16. Bf1 Bh5 17. Ne5 Nxe5 18. dxe5 d4 19. Qe4 Nh3+ 20. gxh3 Rg6+ 21.
Bg2 dxc3 22. Bxc3 Bc5 23. Kh1 Qf8 24. f3 Qe7 25. Bd2 Rf8 26. Rf1 Qf7 27. Rac1
Bb6 28. Bb4 Rd8 29. Bd6 Rg5 30. b4 Bg6 31. Qe2 Bf5 32. Rc4 Qg6 33. Rg4 Bd3 34.
Qd1 Bxf1 35. Qxf1 Rc8 0-1

[Event "18th American Continental"]
[Site "Foz do Iguacu BRA"]
[Date "2025.05.26"]
[Round "6.7"]
[White "Lima, Darcy"]
[Black "Jacobson, Brandon"]
[Result "0-1"]
[WhiteTitle "GM"]
[BlackTitle "GM"]
[WhiteElo "2380"]
[BlackElo "2582"]
[WhiteFideId "2100045"]
[BlackFideId "30901561"]
[EventDate "2025.05.23"]

1. c4 Nf6 2. Nf3 g6 3. g3 Bg7 4. Bg2 O-O 5. d4 d6 6. Nc3 Nbd7 7. O-O e5 8. e4
exd4 9. Nxd4 Re8 10. h3 Nc5 11. Re1 h6 12. b3 c6 13. Rb1 a5 14. Bb2 Nfd7 15. Bf1
Ne5 16. Re3 Qb6 17. Ba1 h5 18. Kh1 a4 19. b4 Ncd3 20. Bxd3 Qxd4 21. Nd5 Nxd3 22.
Qg1 0-1

[Event "18th American Continental"]
[Site "Foz do Iguacu BRA"]
[Date "2025.05.26"]
[Round "6.8"]
[White "Supi, Luis Paulo"]
[Black "Schnaider, Ilan"]
[Result "1/2-1/2"]
[WhiteTitle "GM"]
[BlackTitle "IM"]
[WhiteElo "2566"]
[BlackElo "2388"]
[WhiteFideId "2106388"]
[BlackFideId "169013"]
[EventDate "2025.05.23"]

1. e4 c5 2. Nf3 d6 3. d4 cxd4 4. Nxd4 Nf6 5. Nc3 a6 6. Be2 e5 7. Nb3 Be7 8. Be3
Be6 9. Nd5 Nbd7 10. Qd3 Bxd5 11. exd5 Rc8 12. c4 O-O 13. g4 e4 14. Qd1 Ne5 15.
Nd2 b5 16. b3 bxc4 17. bxc4 Nfd7 18. O-O h5 19. h3 hxg4 20. hxg4 Nf3+ 21. Bxf3
exf3 22. Qxf3 Ne5 23. Qh3 Nxc4 24. Nxc4 Rxc4 25. Rac1 1/2-1/2

[Event "18th American Continental"]
[Site "Foz do Iguacu BRA"]
[Date "2025.05.26"]
[Round "6.9"]
[White "Garcia Pantoja, Roberto"]
[Black "Spata, German"]
[Result "1/2-1/2"]
[WhiteTitle "GM"]
[BlackTitle "FM"]
[WhiteElo "2531"]
[BlackElo "2376"]
[WhiteFideId "3509265"]
[BlackFideId "113026"]
[EventDate "2025.05.23"]

1. e4 e6 2. d4 d5 3. e5 c5 4. c3 Bd7 5. Nf3 a6 6. Bd3 Nc6 7. O-O cxd4 8. cxd4
Qb6 9. Nbd2 Nxd4 10. Nxd4 Qxd4 11. Nf3 Qa4 12. b3 Qa5 13. Ng5 Bb5 14. Qh5 g6 15.
Qf3 Qc7 16. Bxb5+ axb5 17. Qd3 Ne7 18. Qxb5+ Nc6 19. Bd2 Be7 20. Rfe1 O-O 21.
Qd3 Qd8 22. Qg3 Nd4 23. Qh4 h5 24. Qxd4 Bxg5 25. f4 Be7 26. a4 Qd7 27. Rec1 Rfc8
28. Kf1 Rxc1+ 29. Rxc1 b5 30. a5 b4 31. Qb6 Bd8 32. Qc6 Qxc6 33. Rxc6 Bxa5 34.
Be3 Bd8 35. Bc5 Ra1+ 36. Ke2 Rc1 37. Rc8 Kh7 38. Rxd8 Rxc5 39. Rb8 Rc2+ 40. Kf1
Rc1+ 41. Kf2 Rc2+ 42. Kf1 1/2-1/2

[Event "18th American Continental"]
[Site "Foz do Iguacu BRA"]
[Date "2025.05.26"]
[Round "6.10"]
[White "Ticona Rocabado, Licael Roderick"]
[Black "Cardoso Cardoso, Jose Gabriel"]
[Result "0-1"]
[WhiteTitle "IM"]
[BlackTitle "GM"]
[WhiteElo "2359"]
[BlackElo "2516"]
[WhiteFideId "3319113"]
[BlackFideId "4430492"]
[EventDate "2025.05.23"]

1. d4 Nf6 2. c4 e6 3. e3 d5 4. Nf3 b6 5. b3 Bd6 6. Bb2 O-O 7. Bd3 Bb7 8. O-O
Nbd7 9. Nc3 a6 10. Rc1 Re8 11. Qe2 dxc4 12. bxc4 c5 13. dxc5 Nxc5 14. Bc2 Qc7
15. h3 Rac8 16. Rfd1 Red8 17. Na4 Nxa4 18. Bxa4 Ne4 19. Bb3 h6 20. Ba1 Nc5 21.
Bd4 Qc6 22. Bxc5 Bxc5 23. Rxd8+ Rxd8 24. Rd1 Rd6 25. Rxd6 Qxd6 26. Ne1 Bb4 27.
Nd3 Ba3 28. f3 Kf8 29. Bc2 Ke7 30. Nf2 Qe5 31. Nd3 Qc3 32. Bb3 a5 33. Nf2 Qc1+
34. Nd1 Bc5 35. Qd3 Bc6 36. Kf2 a4 37. Bc2 Bb4 38. Bb1 a3 39. Bc2 Bc5 40. Bb3 g5
41. Qc3 Qb1 42. Ke2 f6 43. Qd2 h5 44. Qc3 h4 45. Qd2 Qa1 46. Qc3 Qxc3 47. Nxc3
f5 48. Bc2 Kd6 49. Na4 Be8 50. Nc3 Bc6 51. Ba4 Bb7 52. Bd1 Ke5 53. Na4 Kd6 54.
Nc3 Ba8 55. Kd3 Bc6 56. Ba4 Bb7 57. Bd1 Bb4 58. Nb5+ Ke5 59. Nd4 Bc5 60. Nb3 Bc6
61. Nxc5 bxc5 62. Kc3 g4 63. Kd3 gxh3 64. gxh3 f4 65. e4 Kd6 66. Kc3 Bd7 67. Be2
Ba4 68. Kd2 Bb3 69. Kc3 Bxa2 70. e5+ Kxe5 71. Bd3 Kd6 72. Kc2 Kc7 73. Be2 Kb6
74. Bd3 Ka5 75. Kc3 e5 76. Bc2 Bxc4 0-1

[Event "18th American Continental"]
[Site "Foz do Iguacu BRA"]
[Date "2025.05.26"]
[Round "6.11"]
[White "Rojas Salas, Steven"]
[Black "Shabalov, Alexander"]
[Result "1/2-1/2"]
[WhiteTitle "IM"]
[BlackTitle "GM"]
[WhiteElo "2343"]
[BlackElo "2483"]
[WhiteFideId "3819434"]
[BlackFideId "2008572"]
[EventDate "2025.05.23"]

1. e4 c5 2. Nf3 Nc6 3. Nc3 g6 4. d4 cxd4 5. Nxd4 Bg7 6. Be3 Nf6 7. Nxc6 bxc6 8.
e5 Ng8 9. Bd4 Qa5 10. f4 Nh6 11. e6 f6 12. exd7+ Bxd7 13. Qf3 O-O 14. Bc4+ Kh8
15. O-O Qb4 16. b3 Be6 17. Qxc6 Bxc4 18. a3 Rac8 19. Qxc8 Rxc8 20. axb4 Bxf1 21.
Rxf1 f5 22. Bxg7+ Kxg7 23. Rf3 Nf7 24. h3 g5 25. fxg5 e6 26. h4 Ne5 27. Re3 Ng4
28. Rd3 Ne5 29. Rh3 Kg6 30. Kf1 f4 31. Ne2 Kf5 32. Nd4+ Ke4 33. c3 Ng4 34. Nxe6
Ne3+ 35. Ke2 Rxc3 36. Nc5+ Kf5 37. h5 Rc2+ 38. Kf3 Ng4 39. Nd3 Rd2 40. Nxf4 Rf2+
41. Kg3 Rxf4 42. g6 Nf6 43. gxh7 Rg4+ 44. Kf2 Nxh7 45. Rf3+ Ke6 46. Re3+ Kd6 47.
Rg3 1/2-1/2

[Event "18th American Continental"]
[Site "Foz do Iguacu BRA"]
[Date "2025.05.26"]
[Round "6.12"]
[White "Hungaski, Robert"]
[Black "Tomiello, Lucas Costamilan"]
[Result "1-0"]
[WhiteTitle "GM"]
[BlackTitle "FM"]
[WhiteElo "2477"]
[BlackElo "2308"]
[WhiteFideId "2021030"]
[BlackFideId "22701940"]
[EventDate "2025.05.23"]

1. Nf3 c5 2. g3 Nf6 3. Bg2 Nc6 4. d4 d5 5. O-O e6 6. c4 dxc4 7. dxc5 Qxd1 8.
Rxd1 Bxc5 9. Nbd2 c3 10. bxc3 O-O 11. Nb3 Be7 12. Nfd4 Bd7 13. Nxc6 Bxc6 14.
Bxc6 bxc6 15. Na5 Rfc8 16. Bg5 h6 17. Bxf6 Bxf6 18. Rac1 Rab8 19. Nc4 Rc7 20. e4
Rb5 21. Rd3 Rcb7 22. Rc2 Rb1+ 23. Kg2 Re1 24. Re3 Rxe3 25. Nxe3 Rd7 26. Nc4 Rd3
27. e5 Bd8 28. Nb2 Rd5 29. f4 f6 30. exf6 Bxf6 31. Kf3 Rc5 32. Nd1 Ra5 33. Ke4
h5 34. Nf2 Kf7 35. Nd3 Ke7 36. c4 Kd6 37. Nc1 Ra4 38. Nb3 Ke7 39. h3 g6 40. g4
Rb4 41. Kd3 Rb8 42. Re2 Kd6 43. Nd2 Rd8 44. Kc2 Ke7 45. Nf3 hxg4 46. hxg4 Rb8
47. Kd3 Kf7 48. Ne5+ Bxe5 49. Rxe5 Ke7 50. Ra5 Rb7 51. Kd4 Kd6 52. Ra6 Rd7 53.
c5+ Ke7+ 54. Ke4 Rb7 55. Rxc6 Rb4+ 56. Ke5 Ra4 57. Rxe6+ Kf7 58. Rf6+ Kg7 59. g5
Rxa2 60. c6 1-0

[Event "18th American Continental"]
[Site "Foz do Iguacu BRA"]
[Date "2025.05.26"]
[Round "6.13"]
[White "Villanueva, Mario"]
[Black "Lopez Rayo, Santiago"]
[Result "1-0"]
[WhiteTitle "IM"]
[BlackTitle "FM"]
[WhiteElo "2454"]
[BlackElo "2282"]
[WhiteFideId "113433"]
[BlackFideId "4455665"]
[EventDate "2025.05.23"]

1. e4 e5 2. Nf3 Nc6 3. Bc4 Nf6 4. d3 Bc5 5. Be3 Bxe3 6. fxe3 O-O 7. O-O d5 8.
exd5 Nxd5 9. Qd2 a6 10. Nc3 Nb6 11. Bb3 Qe7 12. Ne4 Be6 13. Bxe6 Qxe6 14. Nc5
Qd5 15. Nxb7 e4 16. dxe4 Qxe4 17. Nc5 Qe7 18. Nd3 Nc4 19. Qc3 Qxe3+ 20. Kh1 Qe4
21. Rae1 Qd5 22. Nf4 Qb5 23. b3 Nd6 24. a4 Qb7 25. Ng5 f6 26. Nge6 Rf7 27. Nh5
Ne5 28. Nxf6+ Rxf6 29. Qxe5 Qe4 30. Qxe4 Nxe4 31. Nxc7 Ra7 32. Rxf6 Nxf6 33. Ne8
Nd5 34. Nd6 h6 35. c4 Nb4 36. h4 Rd7 37. c5 Kh7 38. Re8 Nd5 39. Re5 Nb4 40. Re3
Rc7 41. Rc3 Nd5 42. Rc4 Ne3 43. Rc1 Nd5 44. h5 g6 45. Rc4 Ne3 46. Re4 Nd5 47. b4
Nc3 48. hxg6+ Kxg6 49. Re6+ Kg5 50. Re3 Nxa4 51. Ra3 Nb2 52. Rxa6 Nd3 53. Nb5
Re7 54. c6 Nxb4 55. c7 Re8 56. Rd6 Re1+ 57. Kh2 Rc1 58. Rd8 1-0

[Event "18th American Continental"]
[Site "Foz do Iguacu BRA"]
[Date "2025.05.26"]
[Round "6.14"]
[White "Mareco, Sandro"]
[Black "Contreras Huaman, Fiorella"]
[Result "1-0"]
[WhiteTitle "GM"]
[BlackTitle "WIM"]
[WhiteElo "2585"]
[BlackElo "2341"]
[WhiteFideId "112275"]
[BlackFideId "3824675"]
[EventDate "2025.05.23"]

1. e4 c6 2. d4 d5 3. e5 c5 4. dxc5 e6 5. a3 Bxc5 6. Nf3 f6 7. b4 Be7 8. Bb5+ Bd7
9. Bd3 Nc6 10. Bb2 Nh6 11. c4 Nxe5 12. Nxe5 fxe5 13. Bxe5 Bf6 14. Qe2 Nf7 15.
Bb2 Bxb2 16. Qxb2 Qg5 17. Nd2 Ne5 18. Be2 O-O 19. Nf3 Nxf3+ 20. Bxf3 dxc4 21.
Bxb7 Rab8 22. Be4 Rf4 23. Qe2 c3 24. O-O Kh8 25. Qe3 Qe5 26. Rfe1 Rbf8 27. f3
Rh4 28. g3 Rh3 29. f4 Qh5 30. Bf3 Qh6 31. Ra2 Rc8 32. Rc2 Qf6 33. Rec1 Re8 34.
Rxc3 Qh6 35. R1c2 Ba4 36. Rc8 1-0

[Event "18th American Continental"]
[Site "Foz do Iguacu BRA"]
[Date "2025.05.26"]
[Round "6.31"]
[White "Gauche, Charles"]
[Black "Marrujo Pardo, Mauricio Emmanuel"]
[Result "1/2-1/2"]
[WhiteTitle "FM"]
[BlackTitle "FM"]
[WhiteElo "2112"]
[BlackElo "2349"]
[WhiteFideId "2101335"]
[BlackFideId "3943755"]
[EventDate "2025.05.23"]

1. c4 Nf6 2. Nc3 g6 3. e4 d6 4. d4 Bg7 5. Be2 O-O 6. Bg5 c5 7. d5 e6 8. Qd2 exd5
9. exd5 Qb6 10. Nf3 Bf5 11. O-O Ne4 12. Nxe4 Bxe4 1/2-1/2

[Event "18th American Continental"]
[Site "Foz do Iguacu BRA"]
[Date "2025.05.26"]
[Round "6.32"]
[White "Becker, Rogerio Sperb"]
[Black "Caceres Benitez, Arturo Eduardo"]
[Result "0-1"]
[BlackTitle "FM"]
[WhiteElo "2111"]
[BlackElo "2313"]
[WhiteFideId "22767797"]
[BlackFideId "3710769"]
[EventDate "2025.05.23"]

1. c4 c5 2. Nf3 g6 3. g3 Bg7 4. Bg2 Nc6 5. O-O e5 6. Nc3 d6 7. d3 Nge7 8. a3 a5
9. Bg5 f6 10. Bd2 O-O 11. Rb1 Be6 12. e4 Rb8 13. Nb5 h6 14. b4 axb4 15. axb4 b6
16. Nh4 Qd7 17. f4 exf4 18. gxf4 f5 19. exf5 Bxf5 20. Nxf5 Nxf5 21. Re1 Nxb4 22.
Bxb4 cxb4 23. Qg4 Kh7 24. Rxb4 h5 25. Qh3 Rbe8 26. Rbb1 Bh6 27. Rxe8 Qxe8 28.
Be4 Bxf4 29. Nc7 Qe5 30. Nd5 Nh6 31. Nxf4 Rxf4 32. Rf1 Qd4+ 33. Kh1 Rxf1+ 34.
Qxf1 Kg7 35. h3 Nf7 36. Qf4 Qa1+ 37. Kg2 Qb2+ 38. Qf2 Qxf2+ 39. Kxf2 Ng5 40. Bg2
Kf6 41. Ke3 Ke5 42. d4+ Kf6 43. Bf1 Ne6 44. Ke4 Nc7 45. Kf4 d5 46. cxd5 Ne8 47.
h4 Nd6 48. Bd3 b5 49. Bc2 Nf5 50. Ke4 Nxh4 51. d6 Ke6 52. Kf4 Kxd6 53. Kg5 Nf3+
54. Kf6 Nh4 55. Kg5 Nf5 56. Kxg6 Nxd4 0-1

[Event "18th American Continental"]
[Site "Foz do Iguacu BRA"]
[Date "2025.05.26"]
[Round "6.33"]
[White "Giron Chavez, David Emanuel"]
[Black "Reyes Zavaleta, Fabian Ricardo"]
[Result "1-0"]
[WhiteTitle "FM"]
[BlackTitle "FM"]
[WhiteElo "2108"]
[BlackElo "2299"]
[WhiteFideId "7300697"]
[BlackFideId "3844153"]
[EventDate "2025.05.23"]

1. e4 c5 2. Nf3 d6 3. d4 cxd4 4. Nxd4 Nf6 5. Nc3 a6 6. h3 e5 7. Nde2 h5 8. Bg5
Be6 9. f4 Nbd7 10. f5 Bc4 11. Ng3 Rc8 12. Bxc4 Rxc4 13. Nge2 Qc7 14. Qd3 Be7 15.
O-O-O b5 16. b3 Rc6 17. Kb1 Nb6 18. Be3 Qb7 19. g4 Nc4 20. Bc1 hxg4 21. hxg4
Rxh1 22. Rxh1 Rc8 23. g5 Nd7 24. Rh8+ Bf8 25. f6 gxf6 26. gxf6 Ncb6 27. Qxd6 1-0

[Event "18th American Continental"]
[Site "Foz do Iguacu BRA"]
[Date "2025.05.26"]
[Round "6.34"]
[White "Asprelli, Gaspar"]
[Black "Souza Neves, Andrey M."]
[Result "1-0"]
[BlackTitle "FM"]
[WhiteElo "2279"]
[BlackElo "2138"]
[WhiteFideId "165891"]
[BlackFideId "2101815"]
[EventDate "2025.05.23"]

1. e4 e5 2. Nf3 Nc6 3. Bb5 a6 4. Ba4 Nf6 5. O-O d6 6. c3 Bd7 7. Re1 g6 8. d4 Bg7
9. d5 Ne7 10. Bxd7+ Nxd7 11. c4 O-O 12. Be3 h6 13. Nfd2 f5 14. f3 b5 15. Nc3 b4
16. Na4 g5 17. c5 Nf6 18. Rc1 g4 19. cxd6 cxd6 20. fxg4 fxe4 21. Bb6 Qe8 22.
Nxe4 Nxe4 23. Rxe4 Qb5 24. Bc7 Rf6 25. Nb6 Raf8 26. Qe2 Qxe2 27. Rxe2 Rg6 28. h3
Rf4 29. Bd8 Bf6 30. Rc7 Rg7 31. g3 Rd4 32. Bxe7 Bxe7 33. Kg2 Kh7 34. Rc4 Bf6 35.
Rxd4 exd4 36. Nc4 Rc7 37. b3 Bg5 38. Re4 d3 39. Rd4 d2 40. h4 Rxc4 41. bxc4 Be3
42. Rd3 a5 43. Kf3 Bc5 44. Rxd2 a4 45. Kf4 1-0

[Event "18th American Continental"]
[Site "Foz do Iguacu BRA"]
[Date "2025.05.26"]
[Round "6.35"]
[White "Azevedo Junior, Jose Ferreira"]
[Black "Menna Barreto, Felipe Kubiaki"]
[Result "0-1"]
[BlackTitle "FM"]
[WhiteElo "2102"]
[BlackElo "2276"]
[WhiteFideId "2127326"]
[BlackFideId "2119757"]
[EventDate "2025.05.23"]

1. e4 c5 2. Nf3 a6 3. d4 cxd4 4. Nxd4 Nf6 5. Bd3 e5 6. Nf3 d5 7. Qe2 dxe4 8.
Bxe4 Bd6 9. Nc3 Qc7 10. h3 Be6 11. Ng5 Bc4 12. Bd3 Bxd3 13. Qxd3 Nbd7 14. Be3
Bb4 15. O-O Bxc3 16. bxc3 Qc6 17. h4 h6 18. Nh3 Rc8 19. Rab1 b5 20. Rb3 O-O 21.
f4 Nc5 22. Bxc5 Qxc5+ 23. Kh1 e4 24. Qe2 Qc4 25. Re1 Rfe8 26. Nf2 Qxe2 27. Rxe2
Nh5 28. Kh2 f5 29. g3 Rc4 30. Kh3 Rec8 31. Nd1 Nf6 32. Rd2 Ng4 33. Kg2 Ra4 34.
a3 Rac4 35. Kf1 Kf8 36. Rd6 R4c6 37. Rxc6 Rxc6 38. Ke2 Ke7 39. Rb4 Ke6 40. a4
Rc5 41. axb5 axb5 42. Rb3 Kd6 43. Ra3 Rc7 44. Ra5 Kc5 45. Nb2 Kb6 46. Ra3 Nf6
47. c4 bxc4 48. Ra8 c3 49. Nd1 Kb7 50. Ra5 g6 51. Re5 Nh5 52. Re6 Nxg3+ 53. Ke3
Rc6 54. Rxc6 Kxc6 55. Nxc3 Kc5 56. Na4+ Kc4 57. Nb6+ Kc3 58. Nd5+ Kxc2 59. Ne7
Nf1+ 60. Ke2 Ng3+ 61. Ke3 Kd1 62. Nxg6 Ke1 63. Ne7 h5 64. Nxf5 Nxf5+ 65. Kxe4
Nxh4 66. f5 Kf2 67. Kf4 Nxf5 0-1

[Event "18th American Continental"]
[Site "Foz do Iguacu BRA"]
[Date "2025.05.26"]
[Round "6.36"]
[White "Garmendia Vega, Gabriel"]
[Black "Johnson, Joshua"]
[Result "0-1"]
[WhiteTitle "CM"]
[BlackTitle "FM"]
[WhiteElo "2100"]
[BlackElo "2267"]
[WhiteFideId "3414361"]
[BlackFideId "7700768"]
[EventDate "2025.05.23"]

1. e4 e5 2. Nf3 Nc6 3. Bb5 a6 4. Ba4 Nf6 5. O-O Be7 6. Re1 b5 7. Bb3 d6 8. c3
O-O 9. d3 Na5 10. Bc2 c5 11. d4 Nd7 12. d5 Nc4 13. b3 Ncb6 14. a4 Bb7 15. a5 Nc8
16. Nbd2 Bf6 17. Nf1 Ne7 18. g4 g6 19. Bh6 Bg7 20. Bxg7 Kxg7 21. Ng3 Nf6 22. c4
Bc8 23. Qd2 bxc4 24. bxc4 Bd7 25. Rab1 Qc7 26. Nxe5 dxe5 27. d6 Qd8 28. dxe7
Qxe7 29. Rb7 Rfb8 30. Reb1 Rxb7 31. Rxb7 Rd8 32. Qg5 Kf8 33. Ba4 Ke8 34. f4 Ng8
35. Bxd7+ Rxd7 36. Rb8+ Rd8 37. Rxd8+ Kxd8 38. Qxe7+ Kxe7 39. fxe5 0-1

[Event "18th American Continental"]
[Site "Foz do Iguacu BRA"]
[Date "2025.05.26"]
[Round "6.37"]
[White "Silva, Caio Henrique Angelico"]
[Black "Mayeregger, Arnold"]
[Result "1/2-1/2"]
[WhiteElo "2261"]
[BlackElo "2122"]
[WhiteFideId "22777210"]
[BlackFideId "3705226"]
[EventDate "2025.05.23"]

1. d4 Nf6 2. c4 g6 3. Nc3 c5 4. d5 Bg7 5. e4 d6 6. Nf3 O-O 7. Bd3 e6 8. O-O Na6
9. h3 Nc7 10. Bg5 Rb8 11. dxe6 Nxe6 12. Be3 a6 13. Qc2 Nd7 14. Rad1 Ne5 15. Nxe5
dxe5 16. Nd5 Nd4 17. Bxd4 cxd4 18. c5 Qg5 19. Qd2 Qh4 20. Qe2 Be6 1/2-1/2

[Event "18th American Continental"]
[Site "Foz do Iguacu BRA"]
[Date "2025.05.26"]
[Round "6.38"]
[White "Carcamo, Matias"]
[Black "Lujan, Carolina"]
[Result "0-1"]
[BlackTitle "IM"]
[WhiteElo "2077"]
[BlackElo "2259"]
[WhiteFideId "115541"]
[BlackFideId "109878"]
[EventDate "2025.05.23"]

1. e4 c5 2. Nc3 Nc6 3. g3 g6 4. Bg2 Bg7 5. f4 d6 6. Nf3 e6 7. d3 Nge7 8. Be3 O-O
9. O-O Nd4 10. Rb1 b6 11. Ne2 Nxf3+ 12. Bxf3 Bb7 13. Qd2 Qd7 14. d4 f5 15. Nc3
Rad8 16. Rbd1 Qc8 17. Qf2 Qa8 18. Qg2 fxe4 19. Nxe4 Nf5 20. Bf2 Bxd4 21. Rfe1
Bxb2 22. c3 Bxc3 23. Nf6+ Rxf6 24. Bxb7 Qb8 25. Re2 d5 26. Ba6 Bd4 27. Bxd4 Nxd4
28. Re5 b5 29. a4 Qb6 30. axb5 Nxb5 31. Ra1 c4+ 32. Kh1 Nd4 33. Ree1 Nb3 34.
Reb1 Qd4 35. Ra2 0-1

[Event "18th American Continental"]
[Site "Foz do Iguacu BRA"]
[Date "2025.05.26"]
[Round "6.39"]
[White "Silva, Kaua Marques"]
[Black "Souza, Rafael Cabral De"]
[Result "1-0"]
[WhiteTitle "FM"]
[WhiteElo "2254"]
[BlackElo "2122"]
[WhiteFideId "22701168"]
[BlackFideId "2124068"]
[EventDate "2025.05.23"]

1. e4 c5 2. Nf3 Nc6 3. c3 Qa5 4. d4 cxd4 5. b4 Qc7 6. b5 Ne5 7. Nxd4 d6 8. f4
Ng6 9. Nf3 Nf6 10. Bd3 e6 11. O-O Be7 12. c4 Ng4 13. Qe1 Bf6 14. Nc3 Qc5+ 15.
Kh1 O-O 16. e5 dxe5 17. h3 e4 18. Nxe4 Qe7 19. Rb1 Rd8 20. Rb3 Nh6 21. Nxf6+
Qxf6 22. f5 Rxd3 23. Rxd3 Nf8 24. Bg5 Qxf5 25. Rd1 f6 26. Bxh6 gxh6 27. Qb4 1-0

[Event "18th American Continental"]
[Site "Foz do Iguacu BRA"]
[Date "2025.05.26"]
[Round "6.40"]
[White "Acosta, Franco Emanuel"]
[Black "Pierrot, Facundo"]
[Result "1/2-1/2"]
[BlackTitle "IM"]
[WhiteElo "2075"]
[BlackElo "2253"]
[WhiteFideId "130265"]
[BlackFideId "103250"]
[EventDate "2025.05.23"]

1. e4 d6 2. d4 Nf6 3. Nc3 g6 4. f3 a6 5. Be3 b5 6. Qd2 Nbd7 7. g4 Nb6 8. b3 h5
9. g5 Nfd7 10. f4 Bg7 11. Bg2 Bb7 12. Nh3 c5 13. O-O Qc7 14. Rae1 cxd4 15. Bxd4
Bxd4+ 16. Qxd4 e5 17. Nd5 Bxd5 18. exd5 O-O 19. fxe5 dxe5 20. Qd1 Rad8 21. Re2
Nc8 22. Nf2 Nd6 23. Nd3 Nf5 24. Kh1 Nd4 25. Rd2 Rfe8 26. Nxe5 Qxe5 27. Rxd4 Qxg5
28. c4 bxc4 29. bxc4 Nc5 30. Rdf4 Rf8 31. Qd4 Ne6 32. Qf6 Qxf6 33. Rxf6 Nc5 34.
Rc6 Rc8 35. Rff6 a5 36. Bh3 Ne4 37. Rxg6+ fxg6 38. Rxc8 Rxc8 39. Bxc8 Kf7 40.
Kg2 Kf6 41. Ba6 Ke5 42. Kf3 g5 43. Ke3 g4 44. a3 h4 45. Bc8 Nd6 46. Bxg4 Nxc4+
47. Kd3 Nxa3 48. Kc3 Kxd5 49. Kb3 Nc4 50. Ka4 Ne3 51. Bf3+ Ke5 52. Kxa5 Kf4 53.
Bc6 Ng4 54. h3 Nf2 55. Bd7 Kg3 56. Kb4 Nxh3 57. Kc3 Nf2 58. Kd2 Ng4 59. Bxg4
Kxg4 60. Ke2 Kg3 1/2-1/2